000 02684cam a22005894i 4500
003 PE-LiUPU
005 20250731180136.0
008 150625s r 000 0 d
020 _a8497564030
035 _a(Sirsi) i9788497564038
040 _aPE-LiUPU
_bspa
_cPE-LiUPU
_erda
049 _aPRUA
082 0 4 _a547.9
_bM26
_221
100 1 _aMarco, J. Alberto,
_eautor.
245 1 0 _aQuímica de los productos naturales :
_baspectos fundamentales del metabolismo secundario /
_cJ. Alberto Marco.
264 1 _aMadrid :
_bSÍNTESIS,
_c2006.
300 _a284 páginas :
_bilustraciones ;
_c24 centímetros
336 _atext
_2rdacontent
337 _aunmediated
_2rdamedia
338 _avolume
_2rdacarrier
504 _aIncluye bibliografía.
505 0 _aConsideraciones generales. -Pautas mecanísticas del metabolismo. -Policétidos. -La vía del ácido shikímico. -Terpenos. -Compuestos naturales nitrogenados. .
526 _aSEG44
526 _aSEG26
526 _aP159
526 _aP155
526 _aP154
526 _aP153
526 _aP150
526 _aP100
526 _aP31
526 _aP30
526 _aP26
526 _aP25
526 _aP24
526 _aP22
526 _aP15
526 _aP10
541 _g003-001077;
541 _g003-001077;
541 _g003-001004;
650 0 4 _aProductos naturales.
942 _2ddc
_cBOOK
949 _a547.9 M26
_wDEWEY
_c1
_i58769
_lCCODEBUL1
_mBUL
_p47.00
_r0
_sY
_tBOOK
_u2015-6-25
_xINGENIERIA
_PP26
_0COMPRA
_o.STAFF. Colección General
949 _a547.9 M26
_wDEWEY
_c2
_i60672
_lCCODEBUL1
_mBUL
_p54.00
_r0
_sY
_tBOOK
_u2015-6-25
_xINGENIERIA
_PP31
_0COMPRA
_o.STAFF. Colección General
949 _a547.9 M26
_wDEWEY
_c3
_i60673
_lCCODEBUL1
_mBUL
_p54.00
_r0
_sY
_tBOOK
_u2015-6-25
_xINGENIERIA
_PP31
_0COMPRA
_o.STAFF. Colección General
994 _aC0
_bPEPRU
596 _a1
999 _a547.9 M26
_wDEWEY
_c47629
_i58769
_d47629
_e2019-11-6
_f2021-11-9
_g7
_lCCODEBUL1
_mBUL
_n3
_p47.00
_r0
_sY
_tBOOK
_u2015-6-25
_xINGENIERIA
_PP26
_0COMPRA
_o.STAFF. Colección General
999 _a547.9 M26
_wDEWEY
_c2
_i60672
_d2018-11-26
_f2021-11-5
_g7
_lCCODEBUL1
_mBUL
_p54.00
_q3
_r0
_sN
_tBOOK
_u2015-6-25
_xBIBLIOTECA
_PP31
_0COMPRA
_o.STAFF. Colección General
999 _a547.9 M26
_wDEWEY
_c3
_i60673
_d2018-10-24
_f2021-11-5
_g7
_lCCODEBUL1
_mBUL
_p54.00
_q1
_r0
_sN
_tBOOK
_u2015-6-25
_xBIBLIOTECA
_PP31
_0COMPRA
_o.STAFF. Colección General
980 _81
_gALBERTO SANCHEZ Responsable de Automatización